Statistiques concernant Les pays qui consomment le plus de bière

Cliquez ici pour prendre le quiz!

Statistiques générales

  • Ce quiz a été pris 67 fois
  • Le résultat moyen est 11 sur 20

Statistiques - réponses

Litres par habitant Hint Pays % Correct
104.7EuropeAllemagne
97%
75.8AmeriquesÉtats-Unis
95%
80.6EuropeEspagne
78%
97EuropeIrlande
78%
97.8EuropePologne
77%
142.6EuropeRepubliqué Tchèque
73%
74.2OceanieAustralie
73%
104.8EuropeAutriche
72%
74.1EuropeSlovaquie
65%
85.9EuropeRoumanie
53%
93.5EuropeEstonie
53%
78.5EuropeFinlande
52%
96.6EuropeLituanie
50%
78.2EuropeLettonie
50%
75EuropeSlovenie
50%
104AfriqueNamibie
23%
88.9AfriqueGabon
13%
76.6AmeriquesPanama
12%
93.8AmeriquesBelize
7%
114.6AfriqueSeychelles
3%

Distribution des résultats

Percentile by Number Answered

% des personnes avec chaque résultat

Votre développement - résultats

Vous n’avez pas pris ce quiz